Five Biggest Cities in Every European Country - Statistics

General Stats
  • This quiz has been taken 1,287 times
  • The average score is 110 of 222
Answer Stats
Group Answer % Correct
France 1 Paris
98%
Germany 1 Berlin
97%
Russia 1 Moscow
96%
Austria 1 Vienna
96%
Greece 1 Athens
95%
Montenegro 5 Bar
94%
France 3 Lyon
94%
France 2 Marseille
94%
Monaco 1 Monaco
94%
Germany 3 Munich
94%
Italy 1 Rome
94%
Russia 2 Saint Petersburg
94%
Spain 2 Barcelona
93%
Belgium 5 Brussels
93%
Ireland 1 Dublin
93%
United Kingdom 1 London
93%
Luxembourg 1 Luxembourg
93%
Spain 1 Madrid
93%
Italy 2 Milan
93%
Netherlands 1 Amsterdam
92%
Hungary 1 Budapest
92%
Denmark 1 Copenhagen
92%
Germany 2 Hamburg
92%
Portugal 1 Lisbon
92%
United Kingdom 2 Manchester
92%
Belarus 1 Minsk
92%
Norway 1 Oslo
92%
Czech Republic 1 Prague
92%
Albania 1 Tirana
92%
Poland 1 Warsaw
92%
Germany 5 Frankfurt am Main
91%
Finland 1 Helsinki
91%
Turkey 1 Istanbul
91%
Ukraine 1 Kiev
91%
San Marino 4 San Marino
91%
Bulgaria 1 Sofia
91%
Sweden 1 Stockholm
91%
Croatia 1 Zagreb
91%
Switzerland 5 Bern
90%
Romania 1 Bucharest
90%
Italy 3 Naples
90%
Iceland 1 Reykjavik
90%
Vatican City 1 Vatican City
90%
Turkey 2 Ankara
89%
Latvia 1 Rīga
89%
Estonia 1 Tallinn
89%
Switzerland 1 Zurich
89%
Serbia 1 Belgrade
88%
United Kingdom 3 Birmingham
88%
Netherlands 2 Rotterdam
88%
Bosnia and Herzegovina 1 Sarajevo
88%
Andorra 1 Andorra la Vella
87%
Slovakia 1 Bratislava
87%
Portugal 2 Porto
87%
Italy 4 Turin
86%
Lithuania 1 Vilnius
86%
Germany 4 Cologne
85%
Belgium 1 Antwerp
84%
Slovenia 1 Ljubljana
84%
Spain 3 Valencia
84%
Switzerland 2 Geneva
83%
United Kingdom 5 Glasgow
83%
Poland 2 Krakow
83%
France 5 Nice
83%
Spain 4 Sevilla
83%
Austria 4 Salzburg
82%
Liechtenstein 2 Vaduz
82%
Moldova 1 Chișinău
81%
North Macedonia 1 Skopje
81%
Ireland 2 Cork
80%
United Kingdom 4 Leeds
80%
Sweden 3 Malmö
80%
Kosovo 1 Priština
79%
Netherlands 3 The Hague
79%
Greece 2 Thessaloníki
79%
Montenegro 1 Podgorica
77%
Sweden 2 Gothenburg
75%
Croatia 2 Split
75%
Norway 2 Bergen
74%
France 4 Toulouse
74%
Italy 5 Palermo
72%
Ukraine 3 Odessa
71%
Austria 2 Graz
69%
Austria 5 Innsbruck
69%
Turkey 3 Izmir
68%
Switzerland 3 Basel
66%
Ukraine 2 Kharkiv
66%
Ukraine 5 Donetsk
64%
Czech Republic 2 Brno
63%
Belgium 2 Ghent
63%
Denmark 2 Aarhus
62%
Poland 3 Łódź
59%
Russia 5 Nizhny Novgorod
59%
Austria 3 Linz
58%
Russia 4 Yekaterinburg
58%
Netherlands 4 Utrecht
57%
Spain 5 Zaragoza
56%
Ireland 4 Limerick
55%
Norway 4 Trondheim
55%
Poland 4 Wrocław
54%
Romania 2 Cluj-Napoca
53%
Netherlands 5 Eindhoven
53%
Belgium 4 Liège
53%
Serbia 2 Novi Sad
52%
Ireland 3 Galway
51%
Switzerland 4 Lausanne
51%
Russia 3 Novosibirsk
51%
Ukraine 4 Dnepropetrovsk
48%
Lithuania 2 Kaunas
48%
Finland 3 Tampere
47%
Bulgaria 3 Varna
47%
Denmark 4 Aalborg
46%
Bulgaria 2 Plovdiv
46%
Sweden 4 Uppsala
45%
Greece 4 Heraklion
44%
Poland 5 Poznań
44%
Belgium 3 Charleroi
41%
Hungary 2 Debrecen
41%
Finland 2 Espoo
41%
Denmark 3 Odense
40%
Czech Republic 3 Ostrava
40%
Finland 5 Oulu
40%
Portugal 5 Braga
39%
Turkey 4 Bursa
39%
Slovenia 2 Maribor
39%
Moldova 2 Tiraspol
39%
Albania 2 Durrës
38%
Slovakia 2 Košice
38%
Norway 3 Stavanger
37%
Malta 4 Mosta
36%
Serbia 3 Niš
35%
Romania 3 Timișoara
35%
Ireland 5 Waterford
34%
Belarus 2 Gomel
33%
Bosnia and Herzegovina 5 Mostar
33%
Estonia 2 Tartu
33%
Bosnia and Herzegovina 2 Banja Luka
32%
Romania 5 Constanța
32%
Croatia 3 Rijeka
31%
Turkey 5 Adana
30%
Bulgaria 4 Burgas
30%
Liechtenstein 1 Schaan
30%
Croatia 5 Zadar
29%
Latvia 2 Daugavpils
27%
Romania 4 Iași
27%
Greece 3 Patras
26%
Lithuania 3 Klaipėda
25%
Kosovo 4 Peć
23%
Czech Republic 4 Pilsen
23%
Greece 5 Larissa
22%
Sweden 5 Linköping
21%
Hungary 5 Pécs
21%
Hungary 3 Szeged
21%
Finland 4 Vantaa
20%
Albania 3 Vlorë
20%
Iceland 3 Akureyri
19%
Croatia 4 Osijek
19%
Estonia 3 Narva
18%
Albania 5 Shkodër
18%
Denmark 5 Esbjerg
17%
Luxembourg 2 Esch-sur-Alzette
17%
Belarus 5 Grodno
17%
Kosovo 2 Prizren
17%
Belarus 4 Vitebsk
17%
Estonia 4 Pärnu
16%
San Marino 5 Serravalle/Dogana
16%
North Macedonia 3 Bitola
15%
Bosnia and Herzegovina 3 Tuzla
15%
Malta 2 Birkirkara
14%
Norway 5 Drammen
14%
Czech Republic 5 Liberec
14%
Belarus 3 Mogilev
14%
Albania 4 Elbasan
13%
Hungary 4 Miskolc
13%
Slovakia 3 Prešov
13%
Malta 1 St. Paul's Bay
13%
Slovakia 4 Žilina
13%
Slovenia 3 Celje
12%
Slovenia 5 Koper
12%
Serbia 4 Kragujevac
12%
Latvia 3 Liepāja
12%
Montenegro 2 Nikšić
12%
Serbia 5 Subotica
12%
Portugal 3 Vila Nova de Gaia
12%
Luxembourg 4 Dudelange
11%
Bosnia and Herzegovina 4 Zenica
11%
Portugal 4 Amadora
10%
Moldova 3 Bălți
10%
Slovakia 5 Banská Bystrica
10%
Andorra 4 Encamp
9%
Latvia 5 Jūrmala
9%
Slovenia 4 Kranj
9%
North Macedonia 2 Kumanovo
9%
Lithuania 4 Šiauliai
9%
Montenegro 4 Cetinje
8%
Luxembourg 3 Differdange
8%
Latvia 4 Jelgava
8%
Malta 3 Sliema
8%
North Macedonia 5 Tetovo
8%
San Marino 1 Borgo Maggiore
6%
Lithuania 5 Panevėžys
6%
Liechtenstein 3 Triesen
6%
Andorra 2 Escaldes-Engordany
5%
Liechtenstein 5 Eschen
5%
Andorra 5 La Massana
5%
North Macedonia 4 Prilep
5%
Liechtenstein 4 Balzers
4%
San Marino 2 Domagnano
4%
Andorra 3 Sant Julià de Lòria
4%
Iceland 4 Selfoss
4%
Iceland 5 Akranes
3%
Kosovo 3 Gjilan
3%
Estonia 5 Kohtla-Järve
3%
Kosovo 5 Mitrovicë
3%
Luxembourg 5 Pétange
3%
Montenegro 3 Pljevlja
3%
Moldova 5 Rîbnița
3%
Bulgaria 5 Rousse
3%
Malta 5 Ħal Qormi
1%
Iceland 2 Keflavík og Njarðvík
1%
San Marino 3 Murata
1%
Moldova 4 Tighina
1%
No matching quizzes found
Score Distribution
Percent of People with Each Score
Percentile by Number Answered
Your Score History
You have not taken this quiz